Movies Quiz

Random Movies or Clickable Quiz

DVD Chapter Hunt Quiz Stats

Quiz Updated Apr 7, 2013

Challenge
Share
Tweet
Embed
Score 0/25 Timer 08:00
1 Play Today
% Correct
The Godfather
84.3%
Casablanca
83.5%
Seven Samurai
81.9%
Forrest Gump
78.3%
Star Wars Episode V: The Empire Strikes Back
74.4%
Fight Club
73.7%
Psycho
72.4%
One Flew Over the Cuckoo's Nest
71.7%
Se7en
68.8%
Pulp Fiction
68.3%
Raiders of the Lost Ark
68%
The Shawshank Redemption
67.4%
Lord of the Rings: The Fellowship of the Ring
66.9%
% Correct
Memento
59.8%
Star Wars Episode IV: A New Hope
59.5%
Sunset Blvd.
59.3%
The Matrix
57.2%
It's a Wonderful Life
56.8%
American History X
55.7%
The Usual Suspects
50.7%
The Dark Knight
45%
City of God (Cidade de Deus)
43.6%
The Good, the Bad and the Ugly
37.8%
Rear Window
34.2%
12 Angry Men
32.5%

You're not logged in!

Compare scores with friends on all Sporcle quizzes.
Sign Up with Email
OR
Log In

You Might Also Like...

Show Comments

Extras

Top Quizzes Today


Score Distribution

Your Account Isn't Verified!

In order to create a playlist on Sporcle, you need to verify the email address you used during registration. Go to your Sporcle Settings to finish the process.